=LDR 00000nam 2200000 4500 =001 INLIS000000000030056 =005 20130612132233 =008 ***********************************Ind** =035 ##$$a0010-061300000030056 =041 ##$$a Ind =082 ##$$a 621.381 =090 ##$$a 631.381, Ira t =100 ##$$a Irawan, Adimas Ari =245 ##$$a Teknik Komunikasi elektronik merakit pesawat pemancar dan penerima satelit, Adimas Ari Irawan =260 ##$$a 1994 $b Solo =300 ##$$a 196 hlm, ilus, 22 cm =650 ##$$a Komunikasi =850 ##$$a NBPNMAT =990 ##$$a 21400613/BPAP-NTB/20142014 =990 ##$$a 21400613/BPAP-NTB/20142014 =990 ##$$a 21400613/BPAP-NTB/20142014 =990 ##$$a 21400613/BPAP-NTB/20142014 =990 ##$$a 21400613/BPAP-NTB/20142014